Millennium's Dawn /. (Record no. 42565)
[ view plain ]
| 000 -LEADER | |
|---|---|
| fixed length control field | 00372nam a22001571a 4500 |
| 003 - CONTROL NUMBER IDENTIFIER | |
| control field | NEGST |
| 005 - DATE AND TIME OF LATEST TRANSACTION | |
| control field | 20170216020003.0 |
| 008 - FIXED-LENGTH DATA ELEMENTS--GENERAL INFORMATION | |
| fixed length control field | 030714s1994 001 0 eng d |
| 110 2# - MAIN ENTRY--CORPORATE NAME | |
| Corporate name or jurisdiction name as entry element | Stewart, Ed. |
| 245 10 - TITLE STATEMENT | |
| Title | Millennium's Dawn /. |
| 260 ## - PUBLICATION, DISTRIBUTION, ETC. (IMPRINT) | |
| Place of publication, distribution, etc | Wheaton : |
| Name of publisher, distributor, etc | Victors Books, |
| Date of publication, distribution, etc | 1994. |
| 300 ## - PHYSICAL DESCRIPTION | |
| Extent | 445p. |
| 590 ## - LOCAL NOTE (RLIN) | |
| Local note | Accession number: 30862 |
| 942 00 - ADDED ENTRY ELEMENTS (KOHA) | |
| Koha issues (borrowed), all copies | 1 |
| Withdrawn status | Lost status | Source of classification or shelving scheme | Damaged status | Not for loan | Collection code | Home library | Current library | Shelving location | Date acquired | Source of acquisition | Cost, normal purchase price | Total Checkouts | Full call number | Barcode | Date last seen | Date checked out | Copy number | Price effective from | Koha item type |
|---|---|---|---|---|---|---|---|---|---|---|---|---|---|---|---|---|---|---|---|
| Library of Congress Classification | Fiction | AIU/NEGST - Tony Wilmot Memorial Library | AIU/NEGST - Tony Wilmot Memorial Library | Fiction | 02/16/2012 | Donation | 23.00 | 1 | FIC PS 3569.T459M54 1994 | R17956F3232 | 09/29/2019 | 02/15/2017 | 1 | 02/16/2012 | Books |
